000 00431nam a22001697a 4500
999 _c11166
_d11166
003 OSt
008 220418b ||||| |||| 00| 0 eng d
020 _a9788121918015
082 _a658.1 KHE
100 _aKHANKA, S.S.
245 _aEntrepreneurial Development
250 _aReprint
260 _aNew Delhi
_bS. Chand Company Ltd.
_c2021
300 _a794
650 _aEntrepreneurial Development Commerce
942 _2ddc
_cBK